000 00695nam a22001817a 4500
005 20120601121520.0
020 _a8171942288
_c325.00
035 _aB-28050
037 _aDPL
_bENG
100 _aSinghania, Vinod K.
_948295
245 _aTaxman's direct taxes :
_blaw and practice /
_cby Vinod K. Singhania, Kapil Singhania and Monika Singhania
260 _aNew Delhi
_bTaxman Publicatons
_c2000
300 _avarious pages
_c22 cms.
700 _aSinghania, Kapil
_948296
700 _aSinghania, Monika
_948297
942 _2ddc
_cEN
_h343.055
_mSIN
999 _c67406
_d67406